000 00491nam a2200205Ia 4500
005 20250317073126.0
008 240331s9999 xx 000 0 und d
020 _a053412738X
082 _a301
_bFER
_24083
100 _aFerrante, J
245 0 _aSociology:
_bA Global Perspective
260 _aCalifornia,
_bWadsworth Inc.
_c1992
300 _axxiv, 534 p.,
650 _aEducation
650 _aReligion
650 _aCulture
650 _aSociology
650 _aSociety
942 _cL
999 _c999
_d999